Quiz sur les pays du monde - Statistiques

Statistiques générales
  • Ce quiz a été pris 476 fois
  • Le résultat moyen est 41 sur 45
Statistiques - réponses
Question Tuile Select % Correct
Quel pays a le plus d'habitants ? Espagne Non
99%
Quel pays a le plus d'habitants ? Australie Non
98%
Quel pays a le plus d'habitants ? Canada Non
98%
Quel pays a le plus d'habitants ? Portugal Non
98%
Quel pays a le plus d'habitants ? France Non
97%
Quel pays est le plus riche en argent ? Espagne Non
96%
Quel pays a le plus d'habitants ? Japon Non
96%
Quel pays a la plus grande force militaire ? Brésil Non
95%
Quel pays a la plus grande force militaire ? Espagne Non
95%
Quel pays a la plus grande superficie ? France Non
95%
Quel pays est le plus riche en argent ? Inde Non
95%
Quel pays a la plus grande superficie ? Japon Non
95%
Quel pays est le plus riche en argent ? Maroc Non
95%
Quel pays a la plus petite superficie ? Mexique Non
95%
Quel pays a la plus grande superficie ? Mongolie Non
95%
Quel pays a la plus petite superficie ? Portugal Non
95%
Quel pays est le plus riche en argent ? Allemagne Non
94%
Quel pays a la plus grande force militaire ? Allemagne Non
94%
Quel pays a la plus grande superficie ? Argentine Non
94%
Quel pays a la plus grande superficie ? Australie Non
94%
Quel pays a la plus grande superficie ? Brésil Non
94%
Quel pays a la plus petite superficie ? France Non
94%
Quel pays a la plus grande force militaire ? Japon Non
94%
Quel pays a le plus d'habitants ? Russie Non
94%
Quel pays a la plus petite superficie ? Chypre Non
93%
Quel pays a la plus grande force militaire ? Iran Non
93%
Quel pays a la plus grande force militaire ? France Non
92%
Quel pays est le plus riche en argent ? Japon Non
92%
Quel pays est le plus riche en argent ? Russie Non
92%
Quel pays a la plus grande superficie ? États-Unis Non
91%
Quel pays a la plus petite superficie ? Nauru Non
91%
Quel pays a la plus grande superficie ? Canada Non
90%
Quel pays a le plus d'habitants ? États-Unis Non
90%
Quel pays a la plus petite superficie ? Malte Non
90%
Quel pays a la plus petite superficie ? Liechtenstein Non
89%
Quel pays est le plus riche en argent ? Chine Non
88%
Quel pays a le plus d'habitants ? Chine Oui
86%
Quel pays a la plus grande superficie ? Russie Oui
86%
Quel pays a la plus grande force militaire ? Chine Non
83%
Quel pays est le plus riche en argent ? Luxembourg Non
82%
Quel pays a la plus petite superficie ? Monaco Non
81%
Quel pays a la plus grande force militaire ? Russie Non
81%
Quel pays a la plus grande force militaire ? États-Unis Oui
70%
Quel pays a la plus petite superficie ? Vatican Oui
70%
Quel pays est le plus riche en argent ? États-Unis Oui
68%
Aucun quiz correspondant
Distribution des résultats
% des personnes avec chaque résultat
Percentile par nombre de réponses
Votre historique - résultats
Vous n’avez pas pris ce quiz